|
|
|
|
| LEADER |
01151nam a22003132a 4500 |
| 001 |
000283025 |
| 003 |
CZ BrMZK |
| 005 |
20090703075427.0 |
| 007 |
ta |
| 008 |
010907s1968 xr af f cze d |
| 015 |
|
|
|a cnb000130068
|
| 035 |
|
|
|a (OCoLC)85220634
|
| 040 |
|
|
|a BOA001
|b cze
|
| 041 |
1 |
|
|a cze
|h swe
|
| 100 |
1 |
|
|a Ahlin, Lars,
|d 1915-1997
|7 jn20000600059
|4 aut
|
| 245 |
1 |
0 |
|a Žena žena /
|c Lars Ahlin ; ze švédského originálu ... přeložil Josef Vohryzek ; ilustroval Matěj Svoboda
|
| 250 |
|
|
|a 1. vyd.
|
| 260 |
|
|
|a Praha :
|b Mladá fronta,
|c 1968
|
| 300 |
|
|
|a 177 s., obr. příl. :
|b il.
|
| 490 |
1 |
|
|a Kapka. Ilustrovaná řada ;
|v sv. 41
|
| 700 |
1 |
|
|a Vohryzek, Josef,
|d 1926-1998
|7 jk01150307
|4 trl
|
| 700 |
1 |
|
|a Svoboda, Matěj,
|d 1943-
|7 xx0040710
|4 ill
|
| 765 |
0 |
|
|t Kvinna kvinna
|9 Česky
|
| 830 |
|
0 |
|a Kapka.
|p Ilustrovaná řada
|0 s
|
| 856 |
4 |
1 |
|u http://www.digitalniknihovna.cz/mzk/uuid/uuid:dba683d0-f298-11e2-9923-005056827e52
|y Digitalizovaný dokument
|x NDK
|
| 910 |
|
|
|a BOA001
|b 1-0618.759
|
| 990 |
|
|
|a BK
|
| 991 |
|
|
|b 200905
|
| 996 |
6 |
|
|b 2619885073
|c 1-0618.759
|l MZK
|r Sklad / do 1 hodiny
|n 1
|w 000283025
|u 000010
|a 1
|e BOA001
|j MZK50
|s P
|